|
|
|
|
| LEADER |
00000nam0a2200000 4500 |
| 001 |
371838 |
| 005 |
20231102012423.0 |
| 035 |
|
|
|a (RuTPU)RU\TPU\retro\29252
|
| 090 |
|
|
|a 371838
|
| 100 |
|
|
|a 20221117d1979 m y0rusy50 ca
|
| 101 |
0 |
|
|a rus
|
| 102 |
|
|
|a RU
|
| 105 |
|
|
|a y z 001zy
|
| 200 |
1 |
|
|a Механизация капитального ремонта жилых домов
|f В. А. Ланцов
|
| 205 |
|
|
|a 2-е изд., перераб. и доп.
|
| 210 |
|
|
|a Ленинград
|c Стройиздат
|d 1979
|
| 215 |
|
|
|a 200 с.
|
| 320 |
|
|
|a Библиогр.: с. 195-198
|
| 606 |
1 |
|
|a Жилые здания
|x Капитальный ремонт
|2 stltpush
|3 (RuTPU)RU\TPU\subj\11018
|9 38005
|
| 610 |
1 |
|
|a механизация
|
| 610 |
1 |
|
|a ремонтно-строительное производство
|
| 610 |
1 |
|
|a ремонтно-строительные работы
|
| 675 |
|
|
|a 69.059.3
|v 4
|
| 700 |
|
1 |
|a Ланцов
|b В. А.
|g Владимир Анатольевич
|
| 801 |
|
1 |
|a RU
|b 63413507
|c 20221117
|
| 942 |
|
|
|c BK
|